| 000 | 00435nam a2200121Ia 4500 | ||
|---|---|---|---|
| 008 | 220620s9999||||xx |||||||||||||| ||und|| | ||
| 100 | _aVondracek, Fred||Ford, Donald||Porfeli, Erik | ||
| 245 | 2 | _aA Living Systems Theory of Vocational Behavior and Development | |
| 546 | _aEnglish[eng] | ||
| 650 | _aEducation | ||
| 856 | _uhttps://library.oapen.org/bitstream/20.500.12657/37799/1/9789462096622_webready_content_text.pdf | ||
| 942 | _cEB | ||
| 999 |
_c29714 _d29714 |
||